| 000 | 01438cam a22003374a 4500 | ||
|---|---|---|---|
| 001 | 11915391 | ||
| 003 | NUST-PNEC | ||
| 005 | 20170116180706.0 | ||
| 008 | 000217s2000 nyua b 001 0 eng | ||
| 010 | _a 00023756 | ||
| 020 | _a0071347453 | ||
| 040 |
_aDLC _cPNEC |
||
| 042 | _apcc | ||
| 050 | 0 | 0 |
_aTK7870.15 _b.E42 2000 |
| 082 | 0 | 0 |
_a621.38'1046 HAR _221 |
| 100 |
_9349 _aHarper, Charles A. |
||
| 245 | 0 | 0 |
_aElectronic packaging and interconnection handbook / _cCharles A. Harper, editor-in-chief. |
| 250 | _a3rd ed. | ||
| 260 |
_aNew York : _bMcGraw-Hill, _cc2000. |
||
| 300 |
_a1 v. : _bill. ; _c24 cm. |
||
| 500 | _aIncludes Index http://www.amazon.com/s/ref=nb_sb_noss?url=search-alias%3Dstripbooks&field-keywords=0071347453 | ||
| 504 | _aIncludes bibliographical references and index. | ||
| 650 | 0 |
_aElectronic packaging _xEL, EE, ME |
|
| 700 | 1 | _aHarper, Charles A. | |
| 856 | 4 | 2 |
_3Contributor biographical information _uhttp://www.loc.gov/catdir/bios/mh041/00023756.html |
| 856 | 4 | 2 |
_3Publisher description _uhttp://www.loc.gov/catdir/description/mh021/00023756.html |
| 856 | 4 | 1 |
_3Table of contents _uhttp://www.loc.gov/catdir/toc/mh021/00023756.html |
| 906 |
_a7 _bcbc _corignew _d1 _eocip _f20 _gy-gencatlg |
||
| 942 |
_2ddc _cBK |
||
| 999 |
_c60731 _d60731 |
||